Prontuario de los juicios o tratado de procedimientos judiciales i administrativos con arreglo a la lejislación chilena
Uloženo v:
| Hlavní autor: | |
|---|---|
| Médium: | Kniha |
| Jazyk: | španělština |
| Vydáno: |
Santiago
El Correo
1886
|
| Vydání: | 4a. ed |
| Témata: | |
| Tagy: |
Přidat tag
Žádné tagy, Buďte první, kdo vytvoří štítek k tomuto záznamu!
|
MARC
| LEADER | 00000nam a2200000 a 4500 | ||
|---|---|---|---|
| 001 | UCR3901 | ||
| 003 | CL-VaPUC | ||
| 008 | 980130e18860000CL |||||||||||||||||spa|d | ||
| 082 | 0 | 4 | |a 347.07 |b LIR |2 21 |
| 100 | |a Lira Argomedo, José Bernardo |e autor |9 398238 | ||
| 245 | 1 | 0 | |a Prontuario de los juicios o tratado de procedimientos judiciales i administrativos con arreglo a la lejislación chilena |
| 250 | |a 4a. ed | ||
| 300 | |a v | ||
| 942 | |c BK | ||
| 945 | |d 19980130 00:00:00 |a aolguin | ||
| 260 | |a Santiago |b El Correo |c 1886 | ||
| 650 | 7 | |a JUICIO JURIDICO |2 CL-VaPUC |9 403341 | |
| 650 | 0 | |a Tribunales de justicia |9 328494 | |
| 650 | 0 | |a Tribunales |9 254872 | |
| 650 | 0 | |a Organización |9 256369 | |
| 650 | 0 | |a Derecho civil |9 255013 | |
| 650 | 7 | |a PRACTICA Y PROCEDIMIENTO LEGAL |2 CL-VaPUC |9 380723 | |
| 650 | 7 | |a PROCEDIMIENTO JUDICIAL |2 CL-VaPUC |9 403342 | |
| 650 | 7 | |a JUICIOS ESPECIALES |2 CL-VaPUC |9 348378 | |
| 651 | 7 | |a CHILE |2 CL-VaPUC |9 403343 | |
| 583 | |a last modification |c 19980130 00:00:00 |k Rodrigo Vera | ||
| 999 | |c 266919 |d 266917 | ||
| 952 | |0 0 |1 0 |4 0 |6 347_070000000000000_LIR_1886 |7 0 |8 X |9 298958 |a BIBDER |b BIBDER |d 2019-11-20 |h v.1 |i 1953516 |o 347.07 LIR 1886 |p 1953516 |r 2023-01-25 |w 2019-11-20 |y BK_X |k DER | ||
| 952 | |0 0 |1 0 |4 0 |6 347_070000000000000_LIR_1886 |7 0 |8 X |9 298959 |a BIBDER |b BIBDER |d 2019-11-20 |h v.1 |i 1953095 |o 347.07 LIR 1886 |p 1953095 |r 2023-01-25 |w 2019-11-20 |y BK_X |k DER | ||